Statistics for Landmarks of the Americas #1

Click here to take the quiz!

General Stats

  • This quiz has been taken 61 times
  • The average score is 13 of 16

Answer Stats

LandmarkCountry% Correct
Grand CanyonUnited States
98%
CN TowerCanada
96%
Panama CanalPanama
96%
Machu PicchuPeru
94%
Christ the RedeemerBrazil
92%
Santiago Metropolitan ParkChile
92%
Bob Marley MuseumJamaica
92%
Galápagos IslandsEcuador
88%
TeotihuacanMexico
86%
Lake ManaguaNicaragua
86%
Angel FallsVenezuela
86%
Estadio Diego Armando MaradonaArgentina
80%
Che Guevara MausoleumCuba
80%
Pablo Escobar's HomeColombia
76%
Blue Lagoon IslandBahamas
32%
27 Waterfalls of DamajaguaDominican Republic
28%

Score Distribution

Percentile by Number Answered

Percent of People with Each Score

Your Score History

You have not taken this quiz